|
|
|
|
| LEADER |
00000ny a22000003n 4500 |
| 005 |
20110621120028.0 |
| 006 |
m u |
| 007 |
cr cn||||||||| |
| 008 |
050513s2006 dcu sb i001 0 eng |
| 010 |
|
|
|z 2005048615
|
| 020 |
|
|
|a 9780821362990
|
| 035 |
|
|
|a 2250
|
| 040 |
|
|
|a CaPaEBR
|c CaPaEBR
|d vLex
|
| 050 |
1 |
4 |
|a KZ1555
|b .U67 2006eb
|
| 082 |
0 |
4 |
|a 341.26
|2 22
|
| 090 |
|
|
|c 1295
|d 1295
|
| 100 |
1 |
|
|a Uprety, Kishor,
|d 1958-
|
| 245 |
1 |
4 |
|a The transit regime for landlocked states
|h [Recurso electrn̤ico]
|b international law and development perspectives /
|c Kishor Uprety
|
| 256 |
|
|
|a Servicio en ln̕ea
|
| 260 |
|
|
|a Washington, D.C. :
|b World Bank,
|c c2006
|
| 300 |
|
|
|a xviii, 204 p. ;
|c 23 cm
|
| 504 |
|
|
|a Includes bibliographical references and index
|
| 506 |
1 |
|
|a Contenido solo disponible en los productos indicados
|d vLex Global
|d vLex Global (Academic Edition, excluding Law Schools)
|d vLex Global (U.S. Academic Edition, Law Schools)
|d vLex Global (U.S. Academic Edition, excluding Law Schools)
|d vLex Global (Academic Edition, Law Schools)
|
| 650 |
0 |
7 |
|a Derecho internacional
|2 Tesauro vLex
|
| 650 |
0 |
7 |
|a Transportes internacionales
|2 Tesauro vLex
|
| 740 |
0 |
|
|a vLex Libros (Servicios en ln̕ea)
|
| 856 |
4 |
0 |
|u http://vlex.com/source/2250
|z Acceso restringido
|
| 942 |
|
|
|c BOOK
|